00346nam a2200121Ia 4500008004100000245005200041260003500093260000900128300000800137650001800145650001500163856004600178170221s9999 xx 000 0 und d 2aA Literature Review of Research on Facebook Use bThe Open Communication Journal c2016 a6 : xCommunication xMedia Arts uhttps://benthamopen.com/TOCOMMJ/VOLUME/6/